[Event "Charleroi Open 2013"]
[Site "Charleroi BEL"]
[Date "2013.07.28"]
[Round "2.20"]
[White "Marchal,Patrice"]
[Black "Capone,N"]
[Result "0-1"]
[WhiteElo "1884"]
[BlackElo "2149"]

1.e4 c5 2.Nf3 d6 3.Bb5+ Bd7 4.Bxd7+ Qxd7 5.O-O Nc6 6.c3 Nf6 7.Re1 e6 8.d4 cxd4
9.cxd4 d5 10.Ne5 Nxe5 11.dxe5 Nxe4 12.Nd2 Nxd2 13.Bxd2 Bc5 14.Rc1 Rc8 15.Qg4 O-O
16.b4 Bb6 17.Bh6 f5 18.exf6 Rxc1 19.Rxc1 Rxf6 20.Rc8+ Rf8 21.Rxf8+ Kxf8 22.Qf3+ Qf7
23.Bf4 Qf5 24.g3 g5 25.Bd6+ Ke8 26.Qe2 a6 27.Qb2 d4 28.Bc5 Bxc5 29.bxc5 Qd5
30.Kf1 g4 31.Qc2 d3 32.Qa4+ Kd8 33.Ke1 h5 34.Kd2 e5 35.Qa5+ Kc8 36.Qc3 e4
37.Ke3 Kb8 38.a3 Qf5 39.Qh8+ Kc7 40.Qh6 Qd5 41.Qg7+ Kc6 42.Qb2 Kxc5 43.a4 d2
44.Qc2+ Kd6 45.Ke2 d1=Q+  0-1

[Event "Helmut-Kohls-Turnier"]
[Site "Dortmund GER"]
[Date "2013.07.28"]
[Round "2.5"]
[White "Bok,B"]
[Black "Hoffmann,Micha1"]
[Result "1/2-1/2"]
[WhiteElo "2532"]
[BlackElo "2462"]

1.e4 c5 2.Nf3 d6 3.Bb5+ Bd7 4.Bxd7+ Qxd7 5.c4 Nf6 6.Nc3 g6 7.d4 cxd4 8.Nxd4 Bg7
9.f3 O-O 10.Be3 Nc6 11.O-O a6 12.a4 e6 13.Rc1 Ne5 14.b3 d5 15.exd5 exd5 16.cxd5 Rfe8
17.Nde2 Neg4 18.Bd4 Ne3 19.Bxe3 Rxe3 20.Ng3 Rd8 21.Nge4 Nxe4 22.Nxe4 f5 23.Qd2 Rxb3
24.Nc5 Rb2 25.Qxb2 Bxb2 26.Nxd7 Bxc1 27.Rxc1 Rxd7 28.Kf2 Rxd5 29.Rc8+ Kg7
30.Rc7+ Kh6 31.Rxb7 Rd4 32.a5 Ra4 33.h4 Rxa5  1/2-1/2

[Event "Politiken Cup 2013"]
[Site "Helsingor DEN"]
[Date "2013.07.28"]
[Round "2.2"]
[White "Royset,P"]
[Black "Edouard,R"]
[Result "0-1"]
[WhiteElo "2170"]
[BlackElo "2662"]

1.e4 c5 2.Nf3 d6 3.Bb5+ Nd7 4.O-O a6 5.Bxd7+ Bxd7 6.d3 g6 7.Be3 Bg7 8.c3 Nf6
9.Nbd2 Bc6 10.h3 O-O 11.Nh2 b5 12.Ng4 Nxg4 13.hxg4 f5 14.gxf5 gxf5 15.exf5 Qd7
16.Ne4 Qxf5 17.f3 c4 18.dxc4 bxc4 19.Nf2 Kh8 20.Bd4 e5 21.Be3 Rf6 22.Qb1 Qh5
23.Ne4 Rg6 24.b3 Rg8 25.Rf2 d5 26.Nc5 d4  0-1

[Event "Maccabiah GM1 2013"]
[Site "Jerusalem ISR"]
[Date "2013.07.28"]
[Round "9.1"]
[White "Finkel,A"]
[Black "Gruenfeld,Y"]
[Result "1-0"]
[WhiteElo "2500"]
[BlackElo "2442"]

1.e4 c5 2.Nf3 d6 3.Bb5+ Bd7 4.Bxd7+ Qxd7 5.O-O Nf6 6.Qe2 Nc6 7.c3 e6 8.d4 cxd4
9.cxd4 d5 10.e5 Ne4 11.Nbd2 Nxd2 12.Bxd2 Be7 13.Bf4 O-O 14.Rfd1 Rac8 15.h4 a6
16.h5 h6 17.Rd3 Nb4 18.Rb3 Rc4 19.a3 Nc2 20.Rd1 Rfc8 21.Qd2 Qd8 22.Rd3 Kf8
23.g4 Ke8 24.Kg2 Kd7 25.Rb3 b5 26.Qd3 b4 27.a4 Kc7 28.Qe2 Kb7 29.Rbd3 Qe8
30.b3 R4c6 31.Bd2 Qg8 32.Kf1 Qh7 33.Ne1 R8c7 34.Bf4 Na3 35.Kg2 Rc3 36.Bd2 R3c6
37.Rf3 Bf8 38.Nd3 Nc2 39.Rf4 a5 40.Ne1 Na3 41.Qf3 Qg8 42.Kf1 g5 43.hxg6 Qxg6
44.Rf6 Qh7 45.Qe2 Nb1 46.Qb5+ Rb6 47.Qe8 Nxd2+ 48.Rxd2 Qe4 49.f3 Qe3 50.Rd3  1-0

[Event "9th Tabor Open 2013"]
[Site "Tabor CZE"]
[Date "2013.07.28"]
[Round "1.31"]
[White "Privoznik,Lubos"]
[Black "Malcanek,J"]
[Result "0-1"]
[WhiteElo "1676"]
[BlackElo "2069"]

1.e4 c5 2.Nf3 d6 3.Bb5+ Nd7 4.c4 Nf6 5.Nc3 e6 6.O-O Be7 7.Re1 O-O 8.d3 a6
9.Ba4 Qc7 10.Bg5 b6 11.a3 Bb7 12.Qc2 Rac8 13.Rac1 Rfd8 14.Qe2 Qb8 15.Nd2 Nf8
16.f4 Ng6 17.f5 Ne5 18.fxe6 fxe6 19.Nf3 Ng6 20.Nh4 Nf8 21.Rf1 h6 22.Bxf6 Bxf6
23.Qg4 Kh7 24.Rf3 Qc7 25.Rcf1 Qe7 26.Ne2 Rc7 27.g3 Bc8 28.Qh5 Qf7 29.Qxf7 Rxf7
30.Ng2 Ng6 31.Nef4 Bd4+ 32.Kh1 Ne5 33.Ne2 Rxf3  0-1

[Event "VIII Vladimir Dvorkovich Open"]
[Site "Taganrog RUS"]
[Date "2013.07.28"]
[Round "7.2"]
[White "Andreev,Ed UKR"]
[Black "Kryakvin,D"]
[Result "1/2-1/2"]
[WhiteElo "2501"]
[BlackElo "2584"]

1.e4 c5 2.Nf3 d6 3.Bb5+ Bd7 4.Bxd7+ Qxd7 5.O-O Nc6 6.c3 Nf6 7.Qe2 e6 8.d4 cxd4
9.cxd4 d5 10.e5 Ne4 11.Be3 Be7 12.Ne1 f6 13.f3 Ng5 14.Nd3 O-O 15.Nd2 Nf7
16.f4 f5 17.h3 Rac8 18.Nf3 Rc7 19.Rac1 b6 20.Rc2 Rfc8 21.Rfc1 Na5 22.b3 Nc6
23.Kh1 Ba3 24.Rg1 Nb4 25.Nxb4 Bxb4 26.Rxc7 Rxc7 27.g4 Nh6 28.g5 Nf7 29.g6 hxg6
30.Rxg6 Bf8 31.Rg2 Qc6 32.Kh2 Qc3 33.Nh4 Nh8 34.Nf3 Nf7 35.Nh4 Nh8 36.Nf3  1/2-1/2

[Event "14th ch-EUR Ind w"]
[Site "Belgrade SRB"]
[Date "2013.07.29"]
[Round "7.59"]
[White "Belenkaya,D"]
[Black "Utiatskaja,Irina"]
[Result "0-1"]
[WhiteElo "2191"]
[BlackElo "2047"]

1.e4 c5 2.Nf3 d6 3.Bb5+ Nc6 4.O-O Bd7 5.Re1 Nf6 6.c3 a6 7.Bf1 Bg4 8.h3 Bxf3
9.Qxf3 g6 10.Na3 Bh6 11.Nc2 O-O 12.d4 Bxc1 13.Raxc1 cxd4 14.Nxd4 Qb6 15.Nxc6 Qxc6
16.Rcd1 b5 17.Qe3 Rad8 18.Bd3 Nd7 19.f4 Qc5 20.Bf1 Nb6 21.Kf2 Na4 22.Re2 Rd7
23.Qxc5 Nxc5 24.g3 e6 25.Ke3 Rfd8 26.Bg2 Na4 27.Rd4 Nb6 28.Kd2 Kf8 29.Kc2 Ke7
30.h4 h5 31.Rd3 d5 32.b3 d4 33.Red2 dxc3 34.Rxd7+ Nxd7 35.Kxc3 a5 36.a3 Rc8+
37.Kb2 b4 38.axb4 axb4 39.Rd3 Nc5 40.Rd4 Rd8 41.Rxd8 Kxd8 42.e5 Ke7 43.Kc2 f6
44.Bc6 fxe5 45.fxe5 Kf7 46.Ba8 g5 47.hxg5 Kg6 48.Bg2 Kf5 49.Bc6 Kxg5 50.Be8 Kg4
51.Bg6 Kxg3 52.Bxh5 Kf4 53.Be2 Kxe5 54.Bc4 Kd4 55.Kd2 e5 56.Bf7 e4 57.Bg8 Nd3
58.Bh7 e3+ 59.Kc2 Nf4 60.Bg8 Ke4 61.Kd1 Kf3 62.Bc4 e2+ 63.Kd2 Kf2 64.Bxe2 Nxe2
65.Kd3 Nc1+ 66.Kc2 Na2 67.Kd2 Nc3 68.Kd3 Ke1 69.Kc2 Ke2 70.Kb2 Kd2 71.Ka1 Nd5
72.Kb2 Kd3 73.Ka1 Kc3 74.Ka2 Kc2 75.Ka1 Kxb3 76.Kb1 Kc3 77.Ka2 b3+ 78.Ka1 b2+
79.Kb1 Nf4 80.Ka2 Kc2  0-1

[Event "14th ch-EUR Ind w"]
[Site "Belgrade SRB"]
[Date "2013.07.29"]
[Round "7.31"]
[White "Olsarova,K"]
[Black "Shadrina,T"]
[Result "1-0"]
[WhiteElo "2246"]
[BlackElo "2377"]

1.e4 c5 2.Nf3 d6 3.Bb5+ Nc6 4.Bxc6+ bxc6 5.O-O Bg4 6.d3 e5 7.Nbd2 Nf6 8.c3 Be7
9.Qa4 Qc7 10.d4 cxd4 11.cxd4 O-O 12.Re1 Nd7 13.h3 Be6 14.Qc2 Qb6 15.dxe5 dxe5
16.Nc4 Qb5 17.b3 f6 18.Be3 a5 19.Nb2 Rfd8 20.Rac1 c5 21.Na4 Rac8 22.Nd2 Nb8
23.Nc4 Nc6 24.Na3 Qb7 25.Nxc5 Bxc5 26.Qxc5 Nd4 27.Qxa5 Ra8 28.Qc5 Qa6 29.Bxd4 exd4
30.Nb5 d3 31.Nc7 Qxa2 32.Nxe6 d2 33.Qe7 dxe1=Q+ 34.Rxe1  1-0

[Event "Charleroi Open 2013"]
[Site "Charleroi BEL"]
[Date "2013.07.29"]
[Round "3.13"]
[White "Minet,J"]
[Black "Lacroix,B"]
[Result "0-1"]
[WhiteElo "1991"]
[BlackElo "2207"]

1.e4 c5 2.Nf3 d6 3.Bb5+ Nc6 4.d4 cxd4 5.Nxd4 Bd7 6.O-O Nf6 7.Re1 e6 8.c4 Be7
9.Nc3 O-O 10.Bxc6 bxc6 11.e5 dxe5 12.Nf3 Qb6 13.Nxe5 Rfd8 14.Qe2 Be8 15.Be3 Qa5
16.Bd2 Qa6 17.Be3 Nd7 18.Nxd7 Rxd7 19.Red1 Rad8 20.Rxd7 Rxd7 21.h3 h6 22.Ne4 Qa5
23.Bd2 Qf5 24.Bc3 c5 25.Ng3 Qg5 26.Nh5 Bf8 27.Rf1 Rd6 28.f4 Qf5 29.Rd1 Rxd1+
30.Qxd1 Bc6 31.Qe2 Kh7 32.a3 Kg6 33.g4 Qe4 34.Qxe4+ Bxe4 35.Kf2 f5 36.Ke3 Bg2
37.Ng3 Bxh3 38.gxf5+ exf5 39.b4 Kf7 40.b5 Bd6 41.a4 g5 42.Ne2 Bf1 43.Kf2 Bxe2
44.Kxe2 Bxf4 45.a5 Ke6 46.Bg7 h5 47.Bf8 Bc7 48.Bxc5 Bxa5 49.Bxa7 Kd6 50.Bd4 Bd8
51.Be3 h4 52.Kf3 Bf6 53.c5+ Kc7 54.c6 h3 55.Bd2 g4+ 56.Kf2 Be5 57.Ba5+ Kc8
58.Bb6 f4 59.Kg1 f3 60.Bc5 g3  0-1

[Event "Charleroi Open 2013"]
[Site "Charleroi BEL"]
[Date "2013.07.29"]
[Round "4.16"]
[White "Marchal,Patrice"]
[Black "Uhoda,P"]
[Result "1/2-1/2"]
[WhiteElo "1884"]
[BlackElo "2117"]

1.e4 c5 2.Nf3 d6 3.Bb5+ Bd7 4.Bxd7+ Qxd7 5.O-O Nc6 6.c3 Nf6 7.Re1 e6 8.d4 cxd4
9.cxd4 d5 10.e5 Ne4 11.Nbd2 Nxd2 12.Bxd2 Be7 13.a3 O-O 14.Rc1 f6 15.exf6 Rxf6
16.Ne5 Nxe5 17.Rxe5 Bd6 18.Re2 Raf8 19.Be3 Qf7 20.Rec2 Qg6 21.Rc8 h6 22.Rxf8+ Rxf8
23.Rc3 Qe4 24.Qc2 Qxc2 25.Rxc2 Kf7 26.h3 h5 27.Kf1 Kf6 28.Ke2 Rf7 29.Rc3 Rc7
30.Rxc7 Bxc7 31.h4 Kf5 32.Kf3 b5 33.b3 a6 34.Bd2 Bd6 35.a4 Be7 36.g3 Ba3
37.Bc3 Bc1 38.axb5 axb5 39.Bb4 Bb2 40.Bc5 Bc1 41.Bd6  1/2-1/2

[Event "Politiken Cup 2013"]
[Site "Helsingor DEN"]
[Date "2013.07.29"]
[Round "4.95"]
[White "Ivarsson,T"]
[Black "Bjorn,Lasse E"]
[Result "1-0"]
[WhiteElo "2121"]
[BlackElo "1810"]

1.e4 c5 2.Nf3 d6 3.Bb5+ Bd7 4.a4 Nf6 5.d3 g6 6.O-O Bg7 7.e5 dxe5 8.Nxe5 Bxb5
9.axb5 Nbd7 10.Nf3 O-O 11.Re1 e6 12.Nc3 Nb6 13.Bf4 Nfd5 14.Be5 Nxc3 15.bxc3 c4
16.Qe2 cxd3 17.cxd3 Qd7 18.c4 a6 19.bxa6 bxa6 20.Bxg7 Kxg7 21.Qb2+ Kg8 22.Qxb6 Qxd3
23.Rxa6 Qxc4 24.Rxa8 Rxa8 25.Qd4 Qc7 26.Rd1 h6 27.h4 Qc2 28.Ne5 Ra4 29.Qd8+ Kg7
30.Nxf7 Ra8 31.Qd7 Ra7 32.Qd4+  1-0

[Event "5th Rethymno Open"]
[Site "Rethymno GRE"]
[Date "2013.07.29"]
[Round "3.2"]
[White "Svetushkin,D"]
[Black "Goumas,G"]
[Result "1-0"]
[WhiteElo "2603"]
[BlackElo "2381"]

1.e4 c5 2.Nf3 d6 3.Bb5+ Bd7 4.Bxd7+ Qxd7 5.c4 Nf6 6.Nc3 g6 7.d4 cxd4 8.Nxd4 Bg7
9.f3 O-O 10.Be3 Rc8 11.b3 a6 12.a4 Nc6 13.O-O e6 14.Rc1 d5 15.Nxc6 bxc6 16.e5 Ne8
17.f4 f6 18.a5 fxe5 19.Na4 Qd8 20.Qg4 Nc7 21.fxe5 dxc4 22.bxc4 Bxe5 23.Rcd1 Qe7
24.Bc5 Qg7 25.Nb6 Bxh2+ 26.Kxh2 Qe5+ 27.Qf4 Qh5+ 28.Kg3 Qxc5 29.Nxc8 Rxc8
30.Qf7+ Kh8 31.Rd8+  1-0

[Event "5th Rethymno Open"]
[Site "Rethymno GRE"]
[Date "2013.07.29"]
[Round "3.27"]
[White "Fruteau,S"]
[Black "Kalogridakis,Theodoros"]
[Result "1-0"]
[WhiteElo "2105"]
[BlackElo "1728"]

1.e4 c5 2.Nf3 d6 3.Bb5+ Bd7 4.Bxd7+ Qxd7 5.O-O Nc6 6.c3 Nf6 7.Qe2 e6 8.d4 cxd4
9.cxd4 d5 10.e5 Ne4 11.Rd1 Be7 12.Be3 O-O 13.Ne1 f5 14.exf6 Bxf6 15.Nc3 Nxc3
16.bxc3 Na5 17.Nd3 b6 18.Qg4 Rac8 19.Rac1 Nc4 20.Re1 Qf7 21.Bf4 Rce8 22.Rc2 Re7
23.Rce2 e5 24.dxe5 Bxe5 25.Bxe5 Nxe5 26.Rxe5  1-0

[Event "39th Sitges Open"]
[Site "Sitges ESP"]
[Date "2013.07.29"]
[Round "7.6"]
[White "Munoz Pantoja,M"]
[Black "Guerra Mendez,J"]
[Result "1/2-1/2"]
[WhiteElo "2457"]
[BlackElo "2505"]

1.e4 c5 2.Nf3 d6 3.Bb5+ Nc6 4.d4 cxd4 5.Nxd4 Bd7 6.c4 Nf6 7.Nc3 g6 8.Be3 Bg7
9.f3 Nxd4 10.Bxd4 O-O 11.O-O Be6 12.Nd5 Bxd5 13.cxd5 Nh5 14.Bxg7 Nxg7 15.Qd4 a6
16.Be2 Qd7 17.Rac1 Rfc8 18.Qb6 Ne8 19.b3 Rxc1 20.Rxc1 Rc8 21.Rc4 Rxc4 22.bxc4 Qc7
23.Qxc7 Nxc7 24.Kf2 e5 25.dxe6 fxe6 26.f4 b6 27.e5 dxe5 28.fxe5 a5 29.Ke3 Na6
30.a3 Nc5 31.h3 h6 32.Kf4 Kf7 33.g4 Kg7 34.g5  1/2-1/2

[Event "39th Sitges Open"]
[Site "Sitges ESP"]
[Date "2013.07.30"]
[Round "8.4"]
[White "Munoz Pantoja,M"]
[Black "Kovchan,A"]
[Result "1/2-1/2"]
[WhiteElo "2457"]
[BlackElo "2577"]

1.e4 c5 2.Nf3 d6 3.Bb5+ Nc6 4.d4 cxd4 5.Nxd4 Bd7 6.c4 g6 7.Be3 Bg7 8.Nc3 Nf6
9.f3 O-O 10.O-O Nxd4 11.Bxd4 Be6 12.Nd5 Bxd5 13.cxd5 a6 14.Be2 Nd7 15.Bxg7 Kxg7
16.Qd4+ f6 17.Rac1 Rc8 18.f4 Qa5 19.a3 Qb6 20.Qxb6 Nxb6 21.Kf2 Na4 22.Bg4 Rxc1
23.Rxc1 Nxb2 24.Rc7 b5 25.Rxe7+ Rf7 26.Re6 Nc4 27.Be2 Rc7 28.Ke1 a5 29.Bxc4 Rxc4
30.Kd2 f5 31.exf5 Rd4+ 32.Ke3 Rxd5 33.fxg6 hxg6 34.Re7+ Kf6 35.Rb7 Rc5 36.Kd3 a4
37.g3 Ke6 38.Rg7 Rc1 39.Rxg6+ Kd5 40.Rg5+ Kc6 41.f5 Rf1 42.Ke2 Rh1 43.f6 Rxh2+
44.Ke3 Kd7 45.Rxb5 Ke6 46.Rb4 Kxf6 47.Rxa4 d5 48.Ra8 Ke5 49.Re8+ Kd6 50.Kf3 Ra2
51.Ra8 Ke5 52.g4 Ra1 53.Re8+ Kd6 54.Re3 d4 55.Rb3 Kd5 56.g5 Kc4 57.Rb4+ Kc3
58.Rb8 d3 59.Rc8+ Kd4 60.Rd8+ Kc3 61.Rc8+ Kd4 62.Rd8+  1/2-1/2

[Event "VIII Vladimir Dvorkovich Open"]
[Site "Taganrog RUS"]
[Date "2013.07.30"]
[Round "9.3"]
[White "Andreev,Ed UKR"]
[Black "Belous,V"]
[Result "1/2-1/2"]
[WhiteElo "2501"]
[BlackElo "2551"]

1.e4 c5 2.Nf3 d6 3.Bb5+ Bd7 4.Bxd7+ Qxd7 5.O-O Nc6 6.c3 Nf6 7.Qe2 e6 8.d4 cxd4
9.cxd4 d5 10.e5 Ne4 11.Nbd2 Nxd2 12.Bxd2 Be7 13.Rac1  1/2-1/2

[Event "Biel MTO 2013"]
[Site "Biel SUI"]
[Date "2013.07.31"]
[Round "9.2"]
[White "Bartel,Mat"]
[Black "Ganguly,S"]
[Result "1-0"]
[WhiteElo "2619"]
[BlackElo "2628"]

1.e4 c5 2.Nf3 d6 3.Bb5+ Nd7 4.O-O a6 5.Bxd7+ Bxd7 6.Re1 e6 7.c3 Ne7 8.d4 Rc8
9.Bg5 h6 10.Bh4 Qb6 11.Bg3 Qxb2 12.Nbd2 cxd4 13.cxd4 Qb6 14.Rb1 Qc7 15.Qb3 Ng6
16.h4 Be7 17.h5 Nf8 18.Qa3 Rd8 19.Rec1 Qb8 20.Qa5 Nh7 21.Rc7 Bb5 22.Nc4 b6
23.Rxe7+ Kxe7 24.Nxb6 Qb7 25.a4 Qxe4 26.Nd2 Qxd4 27.axb5 axb5 28.Qa7+ Ke8
29.Nb3 Qd3 30.Rc1 Qxb3 31.Bxd6  1-0

[Event "Politiken Cup 2013"]
[Site "Helsingor DEN"]
[Date "2013.07.31"]
[Round "6.20"]
[White "Fossan,P"]
[Black "Van Kampen,R"]
[Result "1/2-1/2"]
[WhiteElo "2245"]
[BlackElo "2595"]

1.e4 c5 2.Nf3 d6 3.Bb5+ Nd7 4.d4 cxd4 5.Qxd4 a6 6.Bxd7+ Bxd7 7.c4 Bg4 8.Nbd2 Nf6
9.h3 Bd7 10.b3 g6 11.Bb2 Bg7 12.Qd3 O-O 13.O-O b5 14.Rfe1 Qb6 15.Nd4 Rac8
16.Rac1 Rfd8 17.Rc2 Qb7 18.Nb1 bxc4 19.bxc4 Qb4 20.Ree2 Nh5 21.Qb3 Rb8 22.Qe3 Rdc8
23.Nd2 Qa4 24.Ba1 Be6 25.g4 Nf4 26.Re1 Bxd4 27.Qxd4 f6 28.Rc3 Ne2+ 29.Rxe2 Qd1+
30.Kg2 Qxe2 31.g5 Bf7 32.Re3 Qd1 33.gxf6 e5 34.Qc3 Rxc4 35.Nxc4 Rb1 36.Nxe5 Qg1+
37.Kf3 Qh1+ 38.Kg3 Rg1+ 39.Kf4 Qh2+ 40.Kf3 Qxh3+ 41.Ke2 Qf1+ 42.Kf3 Qh3+
43.Ke2 Qf1+ 44.Kf3 Qh3+  1/2-1/2

[Event "100th ch-GBR 2013"]
[Site "Torquay ENG"]
[Date "2013.07.31"]
[Round "3.28"]
[White "Anderson,J"]
[Black "Scott,Gordon W"]
[Result "1/2-1/2"]
[WhiteElo "2189"]
[BlackElo "2039"]

1.e4 c5 2.Nf3 d6 3.Bb5+ Bd7 4.Bxd7+ Qxd7 5.O-O Nf6 6.Qe2 Nc6 7.Rd1 e6 8.c3 Be7
9.d4 cxd4 10.Bg5 O-O 11.cxd4 d5 12.e5 Ne4 13.Bxe7 Qxe7 14.Nbd2 Nxd2 15.Rxd2 Rfc8
16.Rc2 Rc7 17.Rac1 Rac8 18.Qb5 h6 19.Rc3 Nb8 20.Rxc7 Rxc7 21.Rxc7 Qxc7 22.h3  1/2-1/2

[Event "16th Olomouc Open"]
[Site "Olomouc CZE"]
[Date "2013.08.01"]
[Round "1.4"]
[White "Sergienko,S"]
[Black "Kratochvil,Vit1"]
[Result "1-0"]
[WhiteElo "2379"]
[BlackElo "2008"]

1.e4 c5 2.Nf3 d6 3.Bb5+ Bd7 4.Bxd7+ Qxd7 5.c4 Nc6 6.O-O g6 7.d4 cxd4 8.Nxd4 Bg7
9.Ne2 Rc8 10.Nbc3 Nf6 11.f3 O-O 12.Bg5 Rfd8 13.Qd2 Qe8 14.b3 Nd7 15.Rad1 a6
16.Kh1 Nc5 17.Rb1 a5 18.Nd5 Rb8 19.Nec3 b6 20.Rbe1 Rb7 21.f4 f6 22.Bh4 Na7
23.e5 dxe5 24.fxe5 f5 25.Qe3 Ne6 26.Nf6+ exf6 27.exf6 Rd6 28.fxg7 Rxg7 29.Nd5 Qf7
30.Ne7+ Kh8 31.Qe5  1-0

[Event "16th Olomouc GM Valoz Cup"]
[Site "Olomouc CZE"]
[Date "2013.08.01"]
[Round "2.3"]
[White "Simacek,P"]
[Black "Narayanan,Sri"]
[Result "1/2-1/2"]
[WhiteElo "2468"]
[BlackElo "2475"]

1.e4 c5 2.Nf3 d6 3.Bb5+ Nd7 4.c3 Nf6 5.Qe2 a6 6.Ba4 e5 7.O-O Be7 8.d4 b5
9.Bc2 Bb7 10.dxe5 dxe5 11.c4 b4 12.Rd1 Qc7 13.a3 O-O 14.axb4 cxb4 15.Nbd2 Nc5
16.b3 Rfe8 17.Bb2 Bf8 18.Nh4 g6 19.g3 Bh6 20.f3 Ne6 21.Nf1 Rad8 22.Ng2 Nd4
23.Qf2 Qc5 24.Ne1 a5 25.Kg2 Qb6 26.Ra2 Bc6 27.Bb1 Rd7 28.Ne3 Nxb3 29.Nd5 Nxd5
30.exd5 Be3 31.Qe2 Bxd5 32.cxd5 Bh6 33.Bc2 Nc5 34.Ba4 Nxa4 35.Rxa4 Qc5 36.Raa1 Rxd5
37.Rxd5 Qxd5 38.Rd1 Qc6 39.Qe4 Qxe4 40.fxe4 a4 41.Nc2 Bf8 42.Rb1 f6 43.Kf3 Rc8
44.Ne3 a3  1/2-1/2

[Event "XXII TCh-MKD 2013"]
[Site "Struga MKD"]
[Date "2013.08.01"]
[Round "4.1"]
[White "Delchev,A"]
[Black "Georgiev,Vl"]
[Result "1-0"]
[WhiteElo "2614"]
[BlackElo "2544"]

1.e4 c5 2.Nf3 d6 3.Bb5+ Bd7 4.Bxd7+ Qxd7 5.c4 Nf6 6.Nc3 g6 7.d4 cxd4 8.Nxd4 Bg7
9.f3 O-O 10.b3 Nc6 11.Nde2 a6 12.a4 e6 13.Bg5 Qc7 14.O-O Nd7 15.Kh1 Nc5 16.Rb1 Nb4
17.Qd2 Rac8 18.Nd1 Qb6 19.Nf2 f5 20.exf5 gxf5 21.Nf4 h6 22.Bh4 Rf7 23.Rfe1 e5
24.a5 Qc7 25.Qxb4 exf4 26.Rbd1 Be5 27.Nd3 Kh7 28.Bf2 Nxd3 29.Rxd3 Rg7 30.Re2 Rg6
31.Qd2 Rcg8  1-0

[Event "100th ch-GBR 2013"]
[Site "Torquay ENG"]
[Date "2013.08.01"]
[Round "4.22"]
[White "Haria,R"]
[Black "Carr,N"]
[Result "1-0"]
[WhiteElo "2133"]
[BlackElo "2290"]

1.e4 c5 2.Nf3 d6 3.Bb5+ Bd7 4.Bxd7+ Qxd7 5.O-O Nc6 6.c4 e5 7.Nc3 g6 8.d3 Bg7
9.Nd5 Nge7 10.Bg5 Nxd5 11.cxd5 Ne7 12.Bxe7 Qxe7 13.b4 cxb4 14.Qa4+ Qd7 15.Qxb4 a5
16.Qb2 b5 17.Rac1 Ra6 18.Rc7 Qxc7 19.Qxb5+ Ke7 20.Qxa6 Bh6 21.d4 f6 22.Rd1 Rb8
23.g3 Bg7 24.Kg2 Rb2 25.a4 Rb4 26.dxe5 fxe5 27.Ng5 Bh6 28.Ne6 Qc2 29.Rd3 Qxa4
30.Qa7+ Qd7 31.Qxa5 Rxe4 32.Rc3 Bd2 33.Qa8  1-0

[Event "14th ch-EUR Ind w"]
[Site "Belgrade SRB"]
[Date "2013.08.02"]
[Round "10.2"]
[White "Melia,S"]
[Black "Cmilyte,V"]
[Result "1/2-1/2"]
[WhiteElo "2428"]
[BlackElo "2497"]

1.e4 c5 2.Nf3 d6 3.Bb5+ Nd7 4.c3 Nf6 5.Qe2 a6 6.Ba4 b5 7.Bc2 Bb7 8.d4 e6
9.O-O Be7 10.Nbd2 cxd4 11.cxd4 Rc8 12.Bd3 Nb6 13.b3 O-O 14.a4 d5 15.e5 Ne4
16.Nxe4 dxe4 17.Bxe4 Bxe4 18.Qxe4 bxa4 19.bxa4 Qd5 20.Qg4 Kh8 21.Ba3 Bxa3
22.Rxa3 Rc4 23.a5 Ra4 24.Rxa4 Nxa4 25.h3 Nc3 26.Ra1 h6 27.Kh2 Rb8 28.Qf4 Qb7
29.Qd2 Ne4 30.Qe2 Nc3 31.Qd2 Ne4 32.Qe2 Nc3 33.Qd2 Ne4  1/2-1/2

[Event "Politiken Cup 2013"]
[Site "Helsingor DEN"]
[Date "2013.08.02"]
[Round "8.99"]
[White "Undheim,B"]
[Black "Olofsson-Dolk,Mattis"]
[Result "1-0"]
[WhiteElo "1838"]
[BlackElo "2113"]

1.e4 c5 2.Nf3 d6 3.Bb5+ Nd7 4.O-O a6 5.Bd3 Ngf6 6.c3 e6 7.Bc2 Be7 8.d4 cxd4
9.cxd4 Qc7 10.Nc3 b5 11.Bf4 b4 12.Ne2 Bb7 13.Ng3 O-O 14.Rc1 Qa5 15.Bb1 Rac8
16.Qd3 Rfd8 17.Rxc8 Bxc8 18.Bd2 Qb6 19.Be3 Qb8 20.Nd2 a5 21.f4 Qa8 22.Qc2 Ba6
23.Re1 Rc8 24.Qd1 Bd8 25.Kh1 Bb6 26.Nf3 Qa7 27.Ng5 h6 28.Nf3 Rc7 29.Qd2 Bb7
30.Bg1 Qa8 31.d5 exd5 32.Bxb6 Nxb6 33.e5 dxe5 34.fxe5 Ne4 35.Bxe4 dxe4 36.Nxe4 Nc4
37.Qf4 Rd7 38.Nf6+ gxf6 39.exf6 Bxf3 40.Qg3+  1-0

[Event "14th ch-EUR Ind w"]
[Site "Belgrade SRB"]
[Date "2013.08.03"]
[Round "11.35"]
[White "Klinova,M"]
[Black "Sandu,Mi"]
[Result "1/2-1/2"]
[WhiteElo "2322"]
[BlackElo "2237"]

1.e4 c5 2.Nf3 d6 3.Bb5+ Bd7 4.Bxd7+ Qxd7 5.c4 Nf6 6.Nc3 Nc6 7.d4 cxd4 8.Nxd4 g6
9.h3 Nxd4 10.Qxd4 Bg7 11.Be3 O-O 12.Qd3 a6 13.O-O Rfc8 14.Rac1 Qe6 15.b3 b5
16.cxb5 axb5 17.Qxb5 Nxe4 18.Nxe4 Qxe4 19.Rxc8+ Rxc8 20.a4 f5 21.Rd1 f4 22.Bb6 Kf8
23.a5 f3 24.Qd3 Qxd3 25.Rxd3 Rc1+ 26.Kh2 fxg2 27.Kxg2 Ke8 28.b4 Ra1 29.b5 Kd7
30.a6 Be5 31.Be3 Kc8 32.Bg5 Ra5 33.f4 Bb2 34.Bxe7 Rxb5 35.Rxd6 Ra5 36.Bf6 Ba3
37.Re6 Kd7 38.Rb6 Bc5 39.Rb7+ Ke6 40.Be5 Rxa6 41.Rxh7 Bd6 42.Bxd6 Rxd6 43.Kf3 Kf6
44.Rb7 g5 45.fxg5+ Kxg5 46.Rg7+ Kh6  1/2-1/2

[Event "Sparkassen Open A 2013"]
[Site "Dortmund GER"]
[Date "2013.08.03"]
[Round "8.7"]
[White "Begna,B"]
[Black "Kartsev,So"]
[Result "0-1"]
[WhiteElo "2042"]
[BlackElo "2223"]

1.e4 c5 2.Nf3 d6 3.Bb5+ Nd7 4.d4 a6 5.Bc4 cxd4 6.Qxd4 e6 7.Nc3 b5 8.Be2 Ngf6
9.Bg5 h6 10.Bh4 Be7 11.Bg3 e5 12.Qe3 b4 13.Nd5 Nxd5 14.exd5 f5 15.Nxe5 dxe5
16.Bh5+ Kf8 17.Bxe5 Nxe5 18.Qxe5 Bf6 19.Qf4 Be7 20.Kf1 g5 21.Qc4 a5 22.d6 Qd7
23.Kg1 Kg7 24.Re1 Rf8 25.h4 Qxd6 26.Rh3 Ba6 27.Qb3 a4 28.Qe3 g4 29.Rh1 Bc4  0-1

[Event "Sparkassen Open A 2013"]
[Site "Dortmund GER"]
[Date "2013.08.03"]
[Round "8.25"]
[White "Noordhoek,H"]
[Black "Bausch,T"]
[Result "1/2-1/2"]
[WhiteElo "2090"]
[BlackElo "1969"]

1.e4 c5 2.Nf3 d6 3.Bb5+ Nd7 4.O-O a6 5.Be2 Ngf6 6.d3 e6 7.b3 Be7 8.Bb2 O-O
9.Nbd2 b5 10.e5 dxe5 11.Nxe5 Nxe5 12.Bxe5 Bb7 13.Bf3 Bd5 14.Re1 Nd7 15.Bb2 Bf6
16.Bxf6 Nxf6 17.Ne4 Nxe4 18.Bxe4 Qf6 19.a4 Bxe4 20.Rxe4 Rfd8 21.Rb1 Rd4 22.Qg4 Rad8
23.axb5 axb5 24.Kf1 h5 25.Qe2 g6 26.Re1 Rxe4 27.Qxe4 Qc3 28.Rc1 Kg7 29.Qe1 Qb2
30.Qd1 c4 31.bxc4 bxc4 32.g3 cxd3 33.cxd3 Rxd3 34.Qxd3 Qxc1+ 35.Kg2 Qc6+
36.Kg1 Qd5 37.Qc3+ e5 38.h4 Qd4 39.Qc7 e4 40.Qe7 Qd1+ 41.Kg2 Qf3+ 42.Kg1 Qf5
43.Kg2 Qd5 44.Kg1 Qa8 45.Qe5+ Kg8 46.Qe7 Qa1+ 47.Kg2 Qd4 48.Qe8+ Kg7 49.Qe7 Qc4
50.Qe5+ Kf8 51.Qh8+ Ke7 52.Qe5+ Qe6 53.Qc5+ Kf6 54.Qg5+ Kg7 55.Qc5 f6 56.Qa7+ Qf7
57.Qd4 Qe7 58.Qe3 g5 59.hxg5 fxg5 60.Qd4+ Kg6 61.Qb6+ Qf6 62.Qc5 h4 63.gxh4 gxh4
64.Qc4 Qf3+ 65.Kg1 h3 66.Qg8+ Kh5 67.Qh7+ Kg4 68.Qg7+ Kh4 69.Qe7+ Kg4 70.Qg7+ Kf5
71.Qf7+ Kg5 72.Qg7+ Kh5 73.Qh7+ Kg4 74.Qg7+ Kh4 75.Qe7+ Kh5 76.Qh7+ Kg5 77.Qg7+ Kf5
78.Qf7+ Kg4  1/2-1/2

[Event "16th Olomouc Open"]
[Site "Olomouc CZE"]
[Date "2013.08.03"]
[Round "3.8"]
[White "Schmid,T1"]
[Black "Jasny,S"]
[Result "1-0"]
[WhiteElo "2197"]
[BlackElo "2311"]

1.e4 c5 2.Nf3 d6 3.Bb5+ Nd7 4.c3 Nf6 5.Qe2 e6 6.O-O Be7 7.d4 a6 8.Bd3 e5
9.a4 O-O 10.Rd1 Qc7 11.Nbd2 cxd4 12.cxd4 exd4 13.Nxd4 Ne5 14.Bb1 Re8 15.Nf1 d5
16.exd5 Bg4 17.f3 Bc5 18.Be3 Bh5 19.Ba2 Rad8 20.Rac1 Qb6 21.Rxc5 Qxc5 22.Ne6 Qa5
23.Nxd8 Rxd8 24.Rd4 Ned7 25.Qd2 Qxd2 26.Bxd2 Bg6 27.Bb4 Rc8 28.Bc3 Ne8 29.Ne3 Nd6
30.Nc4 Nf5 31.Rd2 b5 32.axb5 axb5 33.Na5 Ra8 34.Bb3 Nc5 35.Bc2 Na4 36.Bxa4 bxa4
37.d6 Nxd6 38.Rxd6 h5 39.Nc6 Kh7 40.Bb4 Re8 41.Kf2 Bc2 42.Rd8  1-0

[Event "9th Tabor Open 2013"]
[Site "Tabor CZE"]
[Date "2013.08.03"]
[Round "8.31"]
[White "Malcanek,J"]
[Black "Hess,P"]
[Result "1/2-1/2"]
[WhiteElo "2069"]
[BlackElo "1878"]

1.e4 c5 2.Nf3 d6 3.Bb5+ Bd7 4.Bxd7+ Qxd7 5.c4 Nc6 6.O-O Nf6 7.Nc3 g6 8.d4 cxd4
9.Nxd4 Bg7 10.Nc2 O-O 11.f3 Rac8 12.Be3 Na5 13.b3 b6 14.Qd2 Qc7 15.Rac1 Rfd8
16.Kh1 Qb7 17.Rfd1 Nc6 18.Qe1 Ne5 19.Qh4 Rd7 20.Nb4 e6 21.Nb5 Ne8 22.Nd4 Rdc7
23.Qg3 a6 24.a4 Nd7 25.Rb1 Bf8 26.Nd3 Nc5 27.Qe1 Be7 28.Bg1 Bf8 29.Nc1 Nd7
30.Nce2 Bg7 31.Qb4 Bf8 32.Qd2 Bg7 33.Qa2 Bf8 34.Be3 Ne5 35.Bg1 Bg7 36.Be3 Bf8
37.Bg1 Bg7 38.a5 bxa5 39.Qxa5 Rc5 40.Qa4 R5c7 41.Ra1 Ra8 42.Ra2 Rcc8 43.Be3 Nf6
44.Rad2 Ne8  1/2-1/2

[Event "HZ Open 2013"]
[Site "Vlissingen NED"]
[Date "2013.08.03"]
[Round "1.27"]
[White "Jenisch,Achim"]
[Black "Rijnaarts,S"]
[Result "0-1"]
[WhiteElo "1859"]
[BlackElo "2354"]

1.e4 c5 2.Nf3 d6 3.Bb5+ Nd7 4.O-O Nf6 5.e5 dxe5 6.Nxe5 e6 7.Nc3 Be7 8.d4 a6
9.Nxd7 Nxd7 10.Be2 cxd4 11.Qxd4 O-O 12.Be3 Qc7 13.Ne4 Rd8 14.Qc3 Qxc3 15.Nxc3 Bf6
16.Rab1 Be5 17.Rfd1 f5 18.Na4 Bc7 19.Bf3 Re8 20.Bxb7 Bxb7 21.Rxd7 Rac8 22.b3 Bc6
23.Rd2 Ba5 24.Rd4 e5 25.Rc4 Be4 26.Bc5 Bd5 27.Rh4 Be4 28.Rc1 Bd2 29.Rd1 Bf4
30.c4 Red8 31.Bd6 Bc2 32.Rd5 Kf7 33.g3 Bg5 34.Rxh7 Kg6 35.Rh3 Be4 36.Rd1 Bf3
37.Rd3 e4 38.Rd4 e3 39.Nc3 Bg4 40.Kg2 Bf6 41.Rd3 Bxh3+ 42.Kxh3 exf2 43.Kg2 Bxc3
44.Kxf2 Bb4  0-1